Представление документа в формате RUSMARC

ПолеНазваниеЗначение
  Тип записи c
  Библиографический уровень m
001 Контрольный номер RU/УОНБ/EK_N/343223177
005 Дата корректировки 20260409142127.8
013 Номер (ISMN) __
d Цена 70 к.
071 Издательские номер (звукозапись и ноты) 11
a Номер, присвоенный агентством 6796
100 Данные общей обработки __
a Данные общей обработки 20170607d1984 u y0rusy0189 ca
101 Язык документа 0_
a Язык текста rus
c Язык оригинала rus
f Язык титульного листа rus
102 Страна публикации __
a Страна публикации RU
128 Кодированные данные (звукозаписи-физические характеристики) __
a Кодированные данные: Музыкальная форма и тональность или лад zz
c Инструменты или голоса, рекомендуемые для солистов (устаревшее) kt||
200 Заглавие и сведения об ответственности 0_
a Заглавие Вып. 41
f Первые сведения об ответственности сост. и перелож. В. Ефимов
210 Выходные данные 1_
d Дата издания 1984
215 Физическое описание __
a Объем 44 c.
d Формат 29 см
327 Примечание о содержании 11
a Примечание о содержании Содерж.: Глиэр Р. Вальс из балета "Медный Всадник". - Хачатурян А. Танец Эгины из балета "Спартак". - Кабалевский Д. Рондо. - Егоров В. Украинский танец. - Звонарев О. Прелюдия. - Васильев Ф. Две фуги (Соль мажор, Ля мажор). - Мотов В. Вариации на тему белорусской народной песни "А у полi нiука". - Ефимов В. Экспромт. - Чайковский П. Венгерский танец из балета "Лебединое озеро". - Сметана Б. Выход комедиантов и галоп из оперы "Проданная невеста". Бах И.С. Прелюдия из Хорошо темперированного клавира
461 Уровень набора _0
1 001RU/УОНБ/EK_N/342966593
1 200
a Концертные пьесы для баяна
v Вып. 41
1 210
a М.
c Сов. композитор
d [196-]
1 225
a Баян
464 Аналитический уровень _0
1 2001
a Вальс из балета "Медный всадник"
1 700 1
a Глиэр
b Р.
1 50010
a Медный всадник
464 Аналитический уровень _0
1 2001
a Танец Эгины из балета "Спартак"
1 700 1
a Хачатурян
b А.
1 50010
a Спартак
464 Аналитический уровень _0
1 2001
a Рондо
1 700 1
a Кабалевский
b Д.
464 Аналитический уровень _0
1 2001
a Украинский танец
1 700 1
a Егоров
b В.
464 Аналитический уровень _0
1 2001
a Прелюдия
1 700 1
a Звонарев
b О.
464 Аналитический уровень _0
1 2001
a Две фуги
1 700 1
a Васильев
b Ф.
464 Аналитический уровень _0
1 2001
a Вариации на тему белорусской народной песни "А у полi нiука"
1 700 1
a Мотов
b В.
464 Аналитический уровень _0
1 2001
a Экспромт
1 700 1
a Ефимов
b В.
464 Аналитический уровень _0
1 2001
a Венгерский танец из балета "Лебединое озеро"
1 700 1
a Чайковский
b П.
1 50010
a Лебединое озеро
464 Аналитический уровень _0
1 2001
a Выход комедиантов и галоп из оперы "Проданная невеста"
1 700 1
a Сметана
b Б.
1 50010
a Проданная невеста
464 Аналитический уровень _0
1 2001
a Прелюдия из Хорошо темперированного клавира
1 700 1
a Бах
b И.
512 Заглавие обложки 1_
a Заглавие обложки Концертные пьесы для баяна
606 Тематические рубрики 0_
a Основная рубрика Баян
x Основная подрубрика Концертные пьесы
x Основная подрубрика Переложения
x Основная подрубрика Отрывки из опер
610 Ключевые слова 0_
a Ключевые слова переложения
610 Ключевые слова 0_
a Ключевые слова концертные пьесы
610 Ключевые слова 0_
a Ключевые слова отрывки из балетов
610 Ключевые слова 0_
a Ключевые слова отрывки из опер
686 Индексы других классификаций __
a Классификационный индекс 85.954.6-09я43
2 Код системы rubbk
702 Вторичная интеллектуальная ответственность _1
a Фамилия Ефимов
b Имя (инициалы) В.
4 Код отношения 220
801 Источник записи _0
a Страна RU
b Организация Ульяновская ОНБ
c Дата составления 20170607
g Правила каталогизации RCR
801 Источник записи _1
a Страна RU
b Организация IS
c Дата составления 20170607
g Правила каталогизации RCR
901 Тип документа __
t Тип документа n
w Контрольный № источника RU/УОНБ/EK_N/342966593
909 Создатель записи __
a Создатель записи Лобина Л. И.
910 Корректоры записи __
a Корректор записи Васина
938 Служебная информация __
a Имя БД noti
b Имя библиотеки УОНБ
c Имя АИБС МАРК-SQL
d Номер DOC_ID в БД 7968